Spell the Marvel Character #32 - Statistics

General Stats
  • This quiz has been taken 36 times
  • The average score is 7 of 10
Answer Stats
Picture Answer % Correct
Hulk
100%
Luke Cage
93%
Elektra
83%
Lockjaw
79%
Psylocke
72%
Adam Warlock
66%
Valkyrie
66%
Yondu
62%
Lockheed
55%
Phyla-Vell
52%
No matching quizzes found
Score Distribution
Percent of People with Each Score
Percentile by Number Answered
Your Score History
You have not taken this quiz